| 000 | 00777nam a2200301Ia 4500 | ||
|---|---|---|---|
| 008 | 170711s9999 xx 000 0 und d | ||
| 020 | _a9780857752758 | ||
| 050 | _a782.42 | ||
| 050 | _bH441 2012 | ||
| 100 | _aHeatley, Michael | ||
| 245 | _aBad girl Rihanna : | ||
| 245 | _bunofficial / | ||
| 245 | _cby Michael Heatley and Graham Betts. | ||
| 260 | _aUnited Kingdom : | ||
| 260 | _bFlame Tree Publishing, | ||
| 260 | _c2012 | ||
| 300 | _a128 pages : | ||
| 300 | _bcolored illustrations ; | ||
| 300 | _c23cm. | ||
| 650 | _aRihanna, -- 1988- | ||
| 650 | _aSingers -- Barbados -- | ||
| 650 | _aWomen singers -- | ||
| 650 | _xBarbados -- Biography. | ||
| 650 | _xBiography. | ||
| 700 | _aBetts, Graham. | ||
| 700 | _aSaul, Mongo. | ||
| 700 | _aTitle. | ||
| 999 |
_c340017 _d340017 |
||